[Event "XV South American-ch Open U20 2019"]
[Site "Asuncion"]
[Date "2019.05.14"]
[Round "5.8"]
[White "Suarez, Pedro"]
[Black "Cadilhac, Igor Tokuichi Kikuc"]
[Result "0-1"]
[WhiteElo "2077"]
[BlackElo "2288"]
[Annotator "TA"]
[PlyCount "41"]
[EventDate "2019.05.11"]
[EventType "swiss"]
[EventCountry "PAR"]
[SourceTitle "playchess.com"]
[Source "ChessBase"]
[SourceQuality "1"]

{[%evp 20,41,-18,-30,-13,-39,-41,-38,-39,-36,-39,-39,-30,-54,-42,-53,-51,-69,-31,-70,-19,-16,0,0]} 1. d4 Nf6 2. c4 e6 3. Nc3 Bb4 4. e3 O-O 5. Bd3 d5 6. Nge2 dxc4 7. Bxc4 c5 8. O-O cxd4 9. exd4 Nc6 10. a3 Bd6 11. h3 h6 {E48: Nimzo-Indian: Rubinstein: 5 Bd3 d5 including 6 Ne2, but excluding 6 a3} (11... b6 12. Bg5 Bb7 13. d5 exd5 14. Bxd5 Be7 15. Bf3 h6 16. Bf4 Na5 17. Bxb7 Nxb7 18. Rc1 Nc5 19. Nd4 {½-½ (62) Vachier Lagrave,M (2789)-Ding,L (2791) Stavanger 2018}) 12. Be3 Ne7 13. Rc1 b6 {Black is slightly better.} 14. Qd3 $146 ({Predecessor:} 14. Nf4 Bb7 15. Nb5 Bb8 16. Nc3 Nf5 17. Qd3 g5 18. Nxe6 Qd6 19. f4 Nxe3 20. Nxf8 Nxc4 21. Qxc4 Kxf8 {0-1 (38) Jenik,G-Krizsan Lang,G Hungary 1967}) 14... Bb7 15. Ba6 Qb8 16. Bc4 a6 17. Ba2 Rd8 18. Rfd1 Ra7 19. Bb1 Ng6 ({Black should try} 19... Nf5 $1 $15) 20. f3 $11 Bh2+ 21. Kh1 {[%mdl 32768] Accuracy: White = 39%, Black = 60%. . Sensor Board Error (Ke4/e5)?} 0-1

[Event "XV South American-ch Open U20 2019"]
[Site "Asuncion"]
[Date "2019.05.14"]
[Round "5.9"]
[White "Mayeregger, Arnold"]
[Black "Ayala Ruiz, Miguel Angel"]
[Result "1-0"]
[WhiteElo "1913"]
[BlackElo "1444"]
[Annotator "NA"]
[PlyCount "57"]
[EventDate "2019.05.11"]
[EventType "swiss"]
[EventCountry "PAR"]
[SourceTitle "playchess.com"]
[Source "ChessBase"]
[SourceQuality "1"]
[TimeControl "5400+30"]

1. Nc3 Nc6 2. Nb1 Nb8 3. Nf3 Nf6 4. Ng1 Ng8 5. d4 Nf6 6. Nf3 e6 7. e3 c5 8. Bd3 d5 9. b3 Nc6 10. O-O cxd4 11. exd4 Be7 12. Bb2 Nb4 13. Be2 O-O 14. Nbd2 Bd7 15. a3 Nc6 16. Bd3 Bd6 17. Ne5 Qe7 18. f4 Kh8 19. Rf3 h6 20. Rh3 Kg8 21. g4 Ne4 22. Nxe4 dxe4 23. Bxe4 Bxe5 24. dxe5 g5 25. Rxh6 gxf4 26. Qf3 Qc5+ 27. Kg2 Nxe5 28. Qxf4 f5 29. Bxe5 1-0

[Event "XV South American-ch Open U20 2019"]
[Site "Asuncion"]
[Date "2019.05.14"]
[Round "5.10"]
[White "Allo Collante, Enrique"]
[Black "Araoz Andrade, Ivan Alexander"]
[Result "0-1"]
[WhiteElo "1595"]
[BlackElo "1843"]
[Annotator "NA RC"]
[PlyCount "97"]
[EventDate "2019.05.11"]
[EventType "swiss"]
[EventCountry "PAR"]
[SourceTitle "playchess.com"]
[Source "ChessBase"]
[SourceQuality "1"]
[TimeControl "5400+30"]

1. c4 e5 2. Nc3 Nf6 3. g3 Nc6 4. Bg2 g6 5. Nf3 Bg7 6. O-O O-O 7. Ne1 {A29: English Opening: Four Knights Variation with 4 g3} (7. d4 d6 8. dxe5 dxe5 9. Bg5 Be6 10. Qa4 Qb8 11. Bxf6 Bxf6 12. Nd2 Nd8 13. Nde4 Bg7 14. Nc5 c6 15. Rad1 Qc7 16. N3e4 Bc8 17. Rd2 Ne6 18. Nxe6 Bxe6 {½-½ (31) Romanov,E (2576)-Demchenko,A (2661) Fagernes 2019}) 7... d6 8. Nc2 Be6 9. Ne3 Rb8 $146 ({Predecessor:} 9... Qd7 10. Rb1 Bh3 11. d3 Nd4 12. Ned5 Bxg2 13. Kxg2 Nh5 14. b4 c6 {0-1 (31) Vasko,I (1906)-Sandor,J (2015) Hungary 2015}) 10. d3 Ne7 11. Ne4 c6 12. Ng5 Bc8 13. Nf3 Nh5 14. d4 e4 15. Nd2 d5 16. Nc2 Be6 17. f4 Qd7 18. e3 Nf6 19. b3 Rfe8 20. Bb2 h5 21. Rc1 Nf5 22. Qe1 Bf8 23. h3 Be7 24. Qf2 Kg7 (24... Nh6 $19 {has better winning chances.} 25. h4 Bg4) 25. Rfd1 $19 (25. Nxe4 $17 {might work better.} dxe4 {[#]} 26. d5 $1 {[%mdl 512]} cxd5 27. cxd5 Qxd5 28. g4) 25... Nh6 26. cxd5 cxd5 27. Qf1 h4 28. g4 Nhxg4 29. hxg4 Bxg4 30. Qf2 h3 31. Bf1 Bxd1 32. Ne1 Bg4 33. Nb1 Bf5 34. Nc3 a6 35. Be2 Rh8 36. Rc2 Rbc8 37. Bd1 Ng4 38. Bxg4 Bxg4 39. Kh2 b5 40. Qg3 Bh4 41. Qg1 Bxe1 42. Qxe1 b4 43. Rf2 bxc3 44. Bxc3 Bf3 45. Rf1 Qb5 46. Rf2 Qd3 47. Bb4 Rc2 48. Rd2 Rxd2+ 49. Bxd2 0-1

[Event "XV South American-ch Open U20 2019"]
[Site "Asuncion"]
[Date "2019.05.14"]
[Round "5.11"]
[White "Menacho Admen, Victor Gabriel"]
[Black "Orrego Palermo, Marcelo"]
[Result "0-1"]
[WhiteElo "1103"]
[BlackElo "1632"]
[Annotator "NA RC"]
[PlyCount "44"]
[EventDate "2019.05.11"]
[EventType "swiss"]
[EventCountry "PAR"]
[SourceTitle "playchess.com"]
[Source "ChessBase"]
[SourceQuality "1"]
[TimeControl "5400+30"]

1. e4 d5 2. Nc3 d4 3. Na4 e5 4. b3 Nf6 5. Nf3 Bd6 6. c3 dxc3 7. Nxc3 O-O 8. Bc4 a6 9. a4 Nbd7 10. a5 Bb4 11. Bb2 c6 12. Ba3 Bxa3 13. Rxa3 Nc5 14. Nxe5 Qd6 15. d4 Ncxe4 16. Nxe4 Qxa3 17. Nxf6+ gxf6 18. Nxf7 Qxa5+ 19. Ke2 Rxf7 20. Bxf7+ Kxf7 21. Ke3 Bd7 22. Qh5+ Qxh5 0-1

[Event "XV South American-ch Open U20 2019"]
[Site "Asuncion"]
[Date "2019.05.14"]
[Round "5.12"]
[White "Cosme Contreras, Trilce"]
[Black "Avalos Sanabria, Augusto Alfredo"]
[Result "1-0"]
[WhiteElo "2051"]
[BlackElo "1474"]
[Annotator "NA RC"]
[PlyCount "83"]
[EventDate "2019.05.11"]
[EventType "swiss"]
[EventCountry "PAR"]
[SourceTitle "playchess.com"]
[Source "ChessBase"]
[SourceQuality "1"]
[TimeControl "5400+30"]

1. d4 d5 2. c4 c6 3. Nf3 Nf6 4. Nc3 Bf5 5. e3 Nbd7 6. Be2 e6 7. O-O Bd6 8. h3 h6 9. a3 O-O 10. b4 Bc7 11. Bb2 a5 12. c5 Ne4 13. Nxe4 dxe4 14. Ne5 Nxe5 15. dxe5 Qg5 16. Kh1 Bg6 17. Bc4 Bxe5 18. Bxe5 Qxe5 19. Rb1 axb4 20. axb4 Rfd8 21. Qc2 Ra3 22. Rb3 Rxb3 23. Bxb3 Ra8 24. Rd1 Ra1 25. Rxa1 Qxa1+ 26. Kh2 Qe5+ 27. Kg1 f5 28. Qd2 Kh7 29. Qd6 Qa1+ 30. Kh2 Qa3 31. Qxe6 h5 32. Qg8+ Kh6 33. h4 Bh7 34. Qe6+ Bg6 35. Qg8 Qxb4 36. Qh8+ Bh7 37. Bg8 Kg6 38. Bxh7+ Kf6 39. Qf8+ Ke6 40. Qxf5+ Ke7 41. Qxe4+ Kf8 42. Bg6 1-0

[Event "XV South American-ch Open U20 2019"]
[Site "Asuncion"]
[Date "2019.05.14"]
[Round "6.1"]
[White "Munoz, Francisco Javier"]
[Black "Zapata Charles, Santiago"]
[Result "1/2-1/2"]
[WhiteElo "2308"]
[BlackElo "2322"]
[Annotator "TA"]
[PlyCount "88"]
[EventDate "2019.05.11"]
[EventType "swiss"]
[EventCountry "PAR"]
[SourceTitle "playchess.com"]
[Source "ChessBase"]
[SourceQuality "1"]

{[%evp 13,88,5,44,51,62,70,89,77,110,98,146,139,147,141,156,151,196,179,195,186,192,188,194,174,191,156,163,175,186,178,194,180,225,229,229,222,230,218,223,197,195,206,202,196,200,130,131,130,264,183,183,184,177,137,131,86,81,91,84,79,72,0,0,-8,-5,-8,-8,-8,-10,-13,-9,-17,0,-11,0,-19,0]} 1. d4 d5 2. c3 g6 3. Nf3 Bg7 4. Bg5 Nf6 5. Nbd2 O-O 6. e3 c5 7. Be2 Nc6 8. dxc5 {D03: 1 d4 d5 2 Nf3 Nf6 3 Bg5, including Torre Attack with early ...d5} (8. O-O cxd4 9. exd4 Bf5 10. Re1 a6 11. h3 b5 12. Nb3 b4 13. c4 a5 14. cxd5 Nxd5 15. Rc1 Qd6 16. Bb5 Rfc8 17. Bh4 Na7 {1-0 (33) Harikrishna,P (2726)-Bacrot,E (2720) Dubai 2014}) 8... a5 9. a4 e5 10. e4 $146 {White is better.} ({Predecessor:} 10. Qb3 h6 11. Bh4 g5 12. Bg3 Qe7 13. h3 Rd8 14. O-O Ne4 15. Nxe4 dxe4 {1-0 (28) Castaneda,G (2518)-Brunello,S (2591) Wijk aan Zee 2012}) 10... dxe4 11. Bxf6 $1 Qxf6 12. Nxe4 Qf4 13. Nd6 e4 14. Qd2 Qg4 {[#]} 15. h3 $1 {[%cal Rh3g4]} Qe6 16. Ng5 e3 17. Qxe3 ({Don't do} 17. fxe3 $6 Qe5 $16) 17... Qxe3 18. fxe3 Bh6 19. Nge4 f5 20. Nxc8 Raxc8 21. Nd6 Rc7 22. Kf2 Re7 23. Bc4+ Kg7 24. Rhe1 Re5 25. Bb5 Rb8 26. Rad1 Rxc5 27. e4 fxe4 28. Rxe4 Bg5 29. Ne8+ Kf8 30. Nc7 {aiming for Ne6+.} Rf5+ (30... Nd4 $16 31. Rexd4 (31. Rdxd4 Rxc7 32. g3 Kg7 $16) 31... Rxc7) 31. Ke2 Kg8 32. h4 Bf4 33. Nd5 Bg3 34. Bxc6 {Threatens to win with Ne7+.} Rf2+ 35. Ke3 {Hoping for Bb5.} bxc6 36. Ne7+ {[%mdl 64] [#] Double Attack} Kf8 37. b4 ({White should play} 37. Nxc6 $16 Rbxb2 38. Rd8+ Kg7 39. Rd7+ Kh6 40. Nd4) 37... Rf6 $11 {The position is equal.} 38. b5 cxb5 39. axb5 {Black must now prevent Nd5.} Rxb5 40. Rd8+ Kg7 41. Rg8+ Kf7 {Strongly threatening ...Re5.} 42. Rh8 Kg7 43. Rg8+ Kf7 {And now ...Re5 would win.} 44. Rh8 Kg7 {Accuracy: White = 66%, Black = 50%.} 1/2-1/2

[Event "XV South American-ch Open U20 2019"]
[Site "Asuncion"]
[Date "2019.05.14"]
[Round "6.2"]
[White "Benitez Galeano, Alejandro"]
[Black "Zambrano Acebo, Jean Junior"]
[Result "1-0"]
[WhiteElo "2052"]
[BlackElo "2174"]
[Annotator "TA"]
[PlyCount "103"]
[EventDate "2019.05.11"]
[EventType "swiss"]
[EventCountry "PAR"]
[SourceTitle "playchess.com"]
[Source "ChessBase"]
[SourceQuality "1"]

{[%evp 10,103,6,4,4,0,0,1,-4,-7,0,-2,26,0,0,0,7,10,10,18,20,0,0,0,20,26,77,23,25,-16,-12,-12,-12,-16,-16,-22,0,0,15,25,36,-2,-3,0,0,0,0,0,0,0,0,-12,0,0,0,0,970,0,0,0,0,0,31,0,4,0,5,5,6,0,0,0,0,0,107,101,104,84,219,216,192,191,490,486,464,445,535,530,514,512,735,732,1241,1215,1903,867]} 1. Nf3 Nf6 2. c4 e6 3. b3 b6 4. Bb2 Bb7 5. e3 Be7 6. Nc3 O-O {A13: English Opening: 1...e6} 7. d4 (7. Qc2 c5 8. Ng5 h6 9. h4 Re8 10. O-O-O Nc6 11. a3 {1-0 (28) Mamedyarov,S (2801)-Karjakin,S (2773) Saint Louis 2018}) 7... d5 8. cxd5 Nxd5 {The position is equal.} 9. Bd3 c5 10. O-O Nc6 11. Nxd5 Qxd5 12. dxc5 Bxc5 13. Qe2 Rfd8 14. Rfd1 Qh5 $1 15. Ba6 Bxa6 16. Qxa6 Bd6 $146 ({Predecessor:} 16... f6 17. Qc4 Qf7 {1-0 (27) Vavra,P (2121)-Steiner,P (1897) Hradec Kralove 2011}) 17. h3 Ne5 (17... f6 $11) 18. Nd4 ({White should play} 18. Bxe5 $16 Bxe5 19. Rac1 (19. g4 Qxh3 20. Nxe5 f6 $16)) 18... Bc5 $11 19. Rdc1 Qg6 {aiming for ...Nd3.} 20. Qe2 Nd3 {Threatens to win with ...Bxd4.} 21. Rd1 Nxb2 22. Qxb2 Rd5 23. b4 Be7 24. Nc6 Bf6 25. Rxd5 Bxb2 26. Ne7+ {[%mdl 64] [#] Double Attack} Kf8 27. Nxg6+ hxg6 28. Rb1 {Black must now prevent Rd7.} exd5 29. Rxb2 {[%mdl 4096] Endgame KR-KR} Rc8 30. Kf1 Rc1+ 31. Ke2 Ke7 32. Kd2 Kd6 $2 {[%mdl 8192] [#]} (32... Rf1 $11) 33. g3 $2 (33. Kxc1 $18 a6 34. Rb3) 33... Rc4 34. h4 Ke5 35. Kd3 b5 36. Rb1 f6 37. a3 f5 38. Re1 Kf6 39. f4 Ke6 40. Rb1 Kd6 41. g4 Ke6 (41... d4 $11) 42. gxf5+ $16 gxf5 43. Rg1 Kf6 (43... d4 $16 {is a better defense.}) 44. h5 $18 Kf7 45. Rg5 Rc1 $2 (45... a5 46. Rxf5+ (46. bxa5 Ra4 $16) 46... Ke6) 46. Rxf5+ {White is clearly winning.} Ke6 47. Re5+ Kd6 48. Rg5 Rd1+ 49. Ke2 Ra1 50. Rg6+ Kc7 51. Rxg7+ Kb6 52. Kd3 {Accuracy: White = 58%, Black = 36%.} (52. h6 $142 Rh1 53. h7) 1-0

[Event "XV South American-ch Open U20 2019"]
[Site "Asuncion"]
[Date "2019.05.14"]
[Round "6.3"]
[White "Coro, Lucas"]
[Black "Cantero, Rodolfo"]
[Result "1/2-1/2"]
[WhiteElo "2315"]
[BlackElo "2059"]
[Annotator "TA"]
[PlyCount "139"]
[EventDate "2019.05.11"]
[EventType "swiss"]
[EventCountry "PAR"]
[SourceTitle "playchess.com"]
[Source "ChessBase"]
[SourceQuality "1"]

{[%evp 19,139,11,9,16,15,0,10,-12,11,-16,7,0,20,0,0,0,15,18,17,6,6,8,54,66,58,0,64,44,48,51,46,37,164,73,91,91,133,114,107,120,125,158,135,150,153,0,148,121,229,229,347,345,618,567,4133,2963,1643,221,205,66,67,67,65,-106,-118,-149,-136,-152,43,50,45,42,62,15,15,15,15,18,17,8,21,20,20,15,24,23,27,25,54,42,41,0,27,0,32,31,38,34,31,31,33,16,22,0,8,0,10,0,8,0,17,17,34,32,40,19,16,0,0,0,0,0]} 1. e4 e5 2. Nf3 Nc6 3. Bb5 a6 4. Ba4 Nf6 5. O-O Be7 6. Re1 b5 7. Bb3 O-O 8. a4 b4 9. d3 d6 10. a5 Be6 11. Bxe6 {C88: Closed Ruy Lopez: Anti-Marshall Systems} fxe6 12. Nbd2 Rb8 (12... d5 13. Nb3 d4 14. Bd2 Rb8 15. Rc1 Rb5 16. h3 Qd6 17. Bg5 Nd7 18. Bxe7 Qxe7 19. Nfd2 Nc5 20. Nc4 Nb7 21. Ra1 Nd6 22. Ncd2 Nb7 23. Nc4 Nd6 24. Ncd2 Nb7 25. Nc4 {½-½ (25) Vachier Lagrave,M (2773)-Aronian,L (2763) Karlsruhe/Baden Baden 2019}) 13. Nc4 h6 14. h3 Qe8 $146 ({Predecessor:} 14... Nh7 15. c3 bxc3 16. bxc3 Bg5 17. Nxg5 Nxg5 18. Be3 Nf7 19. Nd2 Nh8 {1-0 (106) Sethuraman,S (2618)-Bellia,F (2444) Abu Dhabi 2017}) 15. c3 Qg6 16. Kh1 Rb5 17. Be3 Nd7 18. Ncd2 Nc5 (18... Rxa5 $2 19. Rxa5 Nxa5 20. Qa4 $18) 19. Qe2 bxc3 (19... Bf6 {keeps more tension.} 20. Kg1 Nb7 21. Reb1 Nc5 22. Rc1 Nb7) 20. bxc3 Nb3 (20... Nxa5 $2 21. c4 $18) 21. Nxb3 Rxb3 22. d4 (22. Reb1 $14 Rxb1+ 23. Rxb1) 22... exd4 (22... Qxe4 $2 23. Nd2 $18) (22... Rxc3 $11 23. Qxa6 Rxf3 $1 {[%mdl 512]} 24. gxf3 exd4) 23. cxd4 $14 {Qc4 is the strong threat.} Rb5 $1 (23... Qxe4 $2 24. Nd2 $16) 24. Qc2 $36 {[%mdl 2048] White has the initiative.} Rh5 25. Nh2 (25. Qxc6 Rxf3 26. Kh2 Qg4 $1 $17 {[%mdl 512]}) 25... Nxa5 (25... Nb4 $1 $14 26. Qxc7 Bh4) 26. Qxc7 (26. Reb1 $1 $18 {is more deadly.}) 26... Bd8 27. Qxd6 {Threatens to win with f3.} Nc4 28. Qc6 Nxe3 29. fxe3 Rf2 {[%csl Gf2][%cal Rg6g2]} 30. Rg1 $1 Kh7 31. e5 Bg5 32. Ra3 $2 (32. Rxa6 $6 Bxe3 33. Qxe6 Qxe6 $14) ({Better is} 32. Ng4 $16 Rb2 33. Qf3 (33. Rxa6 Qf5 $15)) 32... Qf5 (32... Bh4 $1 $11 33. Ng4 (33. Rxa6 $2 Bg3 $19) 33... Rff5) 33. e4 $1 $16 {[%cal Re4f5]} (33. Qxa6 $2 Rxh3 $1 {[%mdl 512]} 34. Rga1 Rxe3 $19) 33... Qf7 (33... Qg6 $16) 34. d5 $1 $18 (34. Rxa6 Rxh3 $3 {[%mdl 512]} 35. gxh3 Rxh2+ $1 {[%mdl 512]} 36. Kxh2 Qf2+ 37. Kh1 Qf3+ 38. Rg2 Qf1+ 39. Kh2 Bf4+ 40. Rg3 Qf2+ $1 {[%mdl 512]} 41. Kh1 Bxg3 42. Qxe6 Qh2#) 34... Bf4 (34... exd5 $142 35. exd5 Rd2) 35. Ng4 ({Inferior is} 35. Qxe6 Qxe6 36. dxe6 Bxh2 $11) ({Not} 35. dxe6 Qg6 $11) ({Stronger than} 35. Qxa6 Bxh2 36. Kxh2 Rxe5 $11) 35... Re2 $2 (35... Bxe5 36. Nxf2 Qf4) 36. Rf3 Rxe4 37. dxe6 Qg6 {[#]} 38. Qc2 $2 (38. Nf6+ $1 {[%mdl 512]} gxf6 39. exf6) 38... Bxe5 {[#] Hoping for ...Rxg4.} 39. Nf2 (39. e7 $1 $18 Bd4 {[#]} 40. Rf4 $1 {[%mdl 512]} Rxe7 41. Qxg6+ Kxg6 42. Rxd4) 39... Rf4 $14 40. Qxg6+ $1 Kxg6 41. e7 $2 (41. Re1 $1 $14 {stays ahead.} Rxf3 42. gxf3) 41... Kf7 $1 $17 42. Re1 Rxf3 43. gxf3 Kxe7 $2 {[%mdl 4096] Endgame KRB-KRN} ({Black should try} 43... Ke8 $17 44. Kg2 a5) 44. f4 $1 $14 {[%cal Rf4e5][%mdl 64] Pin} Kd6 45. fxe5+ Rxe5 {KRN-KR} 46. Ra1 a5 47. Kg2 Kc6 48. Kf3 Kb5 49. Ne4 Kc4 50. Ke3 Rh5 51. Nf2 Kb3 52. Rb1+ Kc2 53. Rb7 Rg5 54. Rc7+ Kb3 55. Rb7+ Kc4 56. Rc7+ Kb5 57. Kd4 a4 58. Ra7 Rg3 59. Rb7+ Kc6 60. Rb2 g5 61. Kc4 a3 62. Re2 Kd7 63. Kd5 h5 64. Ra2 Rb3 65. Ne4 {Black must now prevent Nc5+.} Rxh3 66. Nxg5 Rb3 67. Ne4 {aiming for Nc5+.} Ke7 {The position is equal.} 68. Ke5 h4 69. Kf4 h3 70. Ng5 {Accuracy: White = 34%, Black = 35%.} 1/2-1/2

[Event "XV South American-ch Open U20 2019"]
[Site "Asuncion"]
[Date "2019.05.14"]
[Round "6.4"]
[White "Donoso Diaz, Sebastian"]
[Black "Heinechen, Juan"]
[Result "1/2-1/2"]
[WhiteElo "2251"]
[BlackElo "2123"]
[Annotator "TA"]
[PlyCount "91"]
[EventDate "2019.05.11"]
[EventType "swiss"]
[EventCountry "PAR"]
[SourceTitle "playchess.com"]
[Source "ChessBase"]
[SourceQuality "1"]

{[%evp 15,91,29,46,40,68,60,69,72,66,72,67,53,56,47,41,46,39,-12,-10,-13,0,-42,-42,-31,-39,-56,-49,-86,-91,-99,-97,-102,-104,-128,-118,-111,56,-44,-34,-225,-225,-225,-225,-225,-225,-225,-226,-226,-184,-225,-202,-200,-194,-197,-167,-171,-165,-150,-116,-116,-116,-116,-116,-151,-116,-116,-109,-109,-68,-68,-64,-66,-39,-67,-12,-12,-12,-12]} 1. Nf3 c5 2. c4 Nc6 3. Nc3 g6 4. e3 Bg7 5. d4 cxd4 6. exd4 d6 7. d5 Ne5 8. Nxe5 Bxe5 9. Bd3 {A35: Symmetrical English: 2 Nc3 Nc6 3 Nf3} Bg7 10. O-O Nf6 11. Bg5 {White is slightly better.} O-O 12. Qd2 Re8 13. Rae1 $146 ({Predecessor:} 13. Rfe1 e5 14. dxe6 Bxe6 15. Rad1 Qb6 16. b3 Qa5 17. Bxf6 Bxf6 {1-0 (48) Kurnosov,I (2663)-Ismagambetov,A (2471) Astana 2012}) 13... Qb6 14. Re2 Bg4 15. Re3 h6 16. Bxf6 (16. Bh4 $14) 16... exf6 $11 17. Rfe1 Bd7 18. Re7 Rxe7 19. Rxe7 Qd8 20. Qe1 f5 21. c5 dxc5 22. d6 {Hoping for Bc4.} Bc6 23. Bc4 Qxd6 24. Bxf7+ Kf8 25. Re6 Qf4 $2 {[#]} (25... Qd7 $17 26. Bxg6 Be4 27. Rxe4 fxe4) 26. Bxg6 (26. Nd5 $1 $14 {[%mdl 512]} Qd4 (26... Bxd5 27. Re8+) 27. Rxc6 Kxf7 28. Rc7+ Kg8 29. Qe6+ Kh8 30. g3) 26... Bd4 $40 {[%mdl 128] Strongly threatening ...Qg4! Black mounts an attack.} 27. Nd1 $2 {[#]} (27. Ne2 $15 Qg4 28. Qf1 Bxb2 29. f3) 27... Qg4 $1 $19 {[%csl Gc6][%cal Rg4g2][%mdl 512]} 28. Qf1 f4 29. Rxc6 bxc6 30. Be4 Qe6 31. Bf3 Re8 32. g3 fxg3 33. hxg3 Qe1 34. Bxc6 Re2 35. Bf3 Qxf1+ 36. Kxf1 {[%mdl 4096] Endgame KRB-KBN} Re7 37. Be2 Kg7 38. Ke1 Rf7 39. f3 Rb7 40. b3 h5 41. Nf2 Kh6 42. Ne4 Rg7 43. Kd2 Rd7 44. Kd3 {[#]} h4 $1 {[%mdl 512]} 45. gxh4 $11 Kh5 46. Kc4 {Accuracy: White = 53%, Black = 62%.} 1/2-1/2

[Event "XV South American-ch Open U20 2019"]
[Site "Asuncion"]
[Date "2019.05.14"]
[Round "6.5"]
[White "Aguilar, Luis Miguel"]
[Black "Estrada Lavin, Cristian Alexand"]
[Result "1/2-1/2"]
[WhiteElo "2193"]
[BlackElo "2116"]
[Annotator "TA"]
[PlyCount "110"]
[EventDate "2019.05.11"]
[EventType "swiss"]
[EventCountry "PAR"]
[SourceTitle "playchess.com"]
[Source "ChessBase"]
[SourceQuality "1"]

{[%evp 17,110,-13,-1,-23,-22,-36,-33,-37,-27,-35,-18,-57,-45,-61,-52,-106,-57,-134,-86,-65,-69,-90,-54,-62,-33,-35,0,-11,12,-23,0,-29,0,0,0,-20,14,4,12,7,7,25,72,43,47,43,38,38,35,21,33,0,7,0,8,0,0,-17,-18,-34,-21,-37,0,0,0,0,0,-8,-8,-10,-8,-8,-7,-8,-10,-7,0,-13,-13,-12,-12,-22,-22,-22,-24,-43,-19,-25,0,0,0,-18,0,0,0]} 1. g3 d5 2. Bg2 Nf6 3. c4 c6 4. b3 Bf5 5. Nf3 e6 6. O-O h6 7. d3 Be7 8. Bb2 O-O 9. Nbd2 Nbd7 10. h3 {A12: English Opening: 1...c6 with b3 by White} (10. a3 a5 11. Qb1 Bh7 12. b4 axb4 13. axb4 Qb6 14. Bc3 Rxa1 15. Qxa1 Bxb4 16. Bxb4 Qxb4 17. Rb1 Qd6 18. Rxb7 e5 {1-0 (33) Rapport,R (2702)-Carlsen,M (2840) Wijk aan Zee 2017}) 10... Bh7 11. Kh2 a5 $146 ({Predecessor:} 11... Qc7 12. Qc2 Rac8 13. a3 a5 14. Rac1 Qb8 15. Qc3 b6 16. b4 axb4 17. axb4 Qd6 {0-1 (38) Kokol,P (2260)-Schnider,G (2353) Bad Gleichenberg 2013}) 12. a3 {Black is slightly better.} Qb8 13. Re1 Rd8 14. Bc3 e5 15. cxd5 cxd5 16. a4 ({White should try} 16. e4 $15) 16... Bd6 17. Nb1 ({Better is} 17. e4 $15) 17... b5 18. axb5 Qxb5 19. Nfd2 h5 20. Kg1 Bc5 21. Rf1 e4 22. dxe4 dxe4 23. e3 Bf5 24. Qc1 Rdc8 25. Qb2 Bb4 26. Bd4 Qd3 {[#] White must now prevent ...Rc2.} 27. Rc1 Qa6 28. Nc3 {[%cal Rd2e4,Bb1c3,Bc3e2,Be2d4][%mdl 32]} Qe6 29. Ne2 g5 30. Kh2 Rxc1 31. Qxc1 Ne5 32. Bxe5 Qxe5 33. Nc4 Qc7 34. Nd4 Bg6 35. Qb2 Nd5 {Hoping for ...Bc3.} 36. Qc2 Nc3 37. Ne2 Nxe2 38. Qxe2 Rd8 39. Rc1 Rd3 40. Qb2 Qe7 41. Ne5 Rd2 42. Rc8+ Kg7 $1 43. Nxg6+ Rxb2 44. Nxe7 Bxe7 $11 {[%mdl 4096] Endgame KRB-KRB} 45. Rc7 Kf6 46. Kg1 Rb1+ 47. Kh2 Rxb3 48. Bxe4 a4 {[%cal Ba5a4,Ba4a3][%mdl 32]} 49. Ra7 a3 50. Bd5 Rb2 51. Kg2 Rd2 52. Bc4 Rc2 53. Bb3 {The position is equal.} Rb2 54. Bc4 Rc2 55. Bb3 Rb2 {Accuracy: White = 50%, Black = 42%.} 1/2-1/2